| 000 | 00767nam a22002177a 4500 | ||
|---|---|---|---|
| 999 |
_c9417 _d9417 |
||
| 003 | AR-CdUCM | ||
| 008 | 190328b ||||| |||| 00| 0 spa d | ||
| 040 |
_aMUNICIPALIDAD PROVINCIAL DEL CUSCO _cBIBLIOTECA MUNICIPAL DEL CUSCO |
||
| 082 |
_a226.8 / _bQ4 |
||
| 245 |
_aQhapaq runamanta Lazoromantawan : _bEl hombre rico y lázaro / |
||
| 260 |
_aCusco : _bAsociación evangélica Runa Simi, _c2002. |
||
| 300 |
_a20 páginas / _c16 cm. |
||
| 500 | _aEdición bilingüe quechua-castellano. | ||
| 505 | _aContenido: Parábola de Lázaro. | ||
| 650 |
_aPasajes bíblicos _925578 |
||
| 650 |
_aParábolas - Lázaro _925591 |
||
| 650 |
_aBíblia - Traducción _925592 |
||
| 710 |
_aAsociación Evangélica Runa Simi _925593 |
||
| 942 |
_2ddc _cLIBROS |
||
| 945 | _alccs | ||